LDR 01039naa#a2200181#i#450# 001 RU\\bibl\20026 005 20260702061336.4 100 ## _a20260630b2026####ek#y0rusy0150####ca 102 ## _aRU 200 1# _aОНЛАЙН-ПЛАТФОРМА ДЛЯ ПОДГОТОВКИ СТУДЕНТОВ СПО К ВСЕРОССИЙСКОЙ ПРОВЕРОЧНОЙ РАБОТЕ (ВПР) С ИСПОЛЬЗОВАНИЕМ ОБУЧАЮЩЕЙ ИИ МОДЕЛИ _eСтатья/тезисы конференции 210 1# _aВоронеж _cВоронежский государственный лесотехнический университет имени Г.Ф. Морозова _d2026 215 ## _a18 с. 608 ## _aСтатья/тезисы конференции _2local 675 ## _aПрикладные информационные (компьютерные) технологии. 004.9 _z 700 #1 _aСкворцова _gТатьяна Владимировна 700 #1 _aПискурский _gП. А. 700 #1 _aАвилова _gО. А. 856 4# _abibl.vgltu.ru _u